00501nam a22001577a 450000500170000001000150001702000260003203500130005803700130007108200100008410000200009424500660011426000550018027000770023530000310031220130617152056.0 aENG-107415 a9789380831718c298.00 aEN-90948 bDBAD/PUB a158.7 aChandraiah, K.  aIndustrial and organisational psychology /cby K. Chandraiah  aHyderabadbStudentshelpline Publishing Housec2012 a326/C Surneni Nilayam, Near B K Guda Park, S.R. NagarbHyderabade500038 avarious pagingsc24cm(pbk)